Cultural anthropology / (Record no. 93)
[ view plain ]
| 000 -LEADER | |
|---|---|
| fixed length control field | 01429cam a2200349 a 4500 |
| 003 - CONTROL NUMBER IDENTIFIER | |
| control field | ALUPE UNIVERSITY |
| 005 - DATE AND TIME OF LATEST TRANSACTION | |
| control field | 20210602133623.0 |
| 008 - FIXED-LENGTH DATA ELEMENTS--GENERAL INFORMATION | |
| fixed length control field | 090505s2010 njuab b 001 0 eng |
| 020 ## - INTERNATIONAL STANDARD BOOK NUMBER | |
| International Standard Book Number | 9780205685097 (pbk.) |
| 020 ## - INTERNATIONAL STANDARD BOOK NUMBER | |
| International Standard Book Number | 0205685099 (pbk.) |
| 040 ## - CATALOGING SOURCE | |
| Transcribing agency | DLC |
| 049 ## - LOCAL HOLDINGS (OCLC) | |
| Holding library | UABA |
| 050 00 - LIBRARY OF CONGRESS CALL NUMBER | |
| Classification number | GN316 |
| Item number | .B67 2010 |
| 090 ## - LOCALLY ASSIGNED LC-TYPE CALL NUMBER (OCLC); LOCAL CALL NUMBER (RLIN) | |
| Classification number (OCLC) (R) ; Classification number, CALL (RLIN) (NR) | GN 316 B67 2010 |
| Local cutter number (OCLC) ; Book number/undivided call number, CALL (RLIN) | AEU |
| 100 1# - MAIN ENTRY--PERSONAL NAME | |
| Personal name | Bonvillain, Nancy. |
| 245 10 - TITLE STATEMENT | |
| Title | Cultural anthropology / |
| Statement of responsibility, etc. | Nancy Bonvillain. |
| 250 ## - EDITION STATEMENT | |
| Edition statement | 2nd ed. |
| 260 ## - PUBLICATION, DISTRIBUTION, ETC. | |
| Place of publication, distribution, etc. | Upper Saddle River, NJ : |
| Name of publisher, distributor, etc. | Prentice Hall, |
| Date of publication, distribution, etc. | c2010. |
| 300 ## - PHYSICAL DESCRIPTION | |
| Extent | xix, 508 p. : |
| Other physical details | col. ill., col. maps ; |
| Dimensions | 28 cm. |
| 336 ## - CONTENT TYPE | |
| Content type term | text |
| Content type code | txt |
| Source | rdacontent |
| 337 ## - MEDIA TYPE | |
| Media type term | unmediated |
| Media type code | n |
| Source | rdamedia |
| 338 ## - CARRIER TYPE | |
| Carrier type term | volume |
| Carrier type code | nc |
| Source | rdacarrier |
| 504 ## - BIBLIOGRAPHY, ETC. NOTE | |
| Bibliography, etc. note | Includes bibliographical references and index. |
| 650 #0 - SUBJECT ADDED ENTRY--TOPICAL TERM | |
| Topical term or geographic name entry element | Ethnology. |
| 942 ## - ADDED ENTRY ELEMENTS (KOHA) | |
| Source of classification or shelving scheme | |
| Koha item type | Book |
| Suppress in OPAC | JO |
| 949 ## - LOCAL PROCESSING INFORMATION (OCLC) | |
| a | GN 316 B67 2010 |
| c | 1 |
| h | UAHS-B |
| i | 0162029251335 |
| Withdrawn status | Lost status | Source of classification or shelving scheme | Damaged status | Not for loan | Permanent Location | Current Location | Shelving location | Date acquired | Total Checkouts | Full call number | Barcode | Date last seen | Date last checked out | Copy number | Price effective from | Koha item type | Public note | Source of acquisition |
|---|---|---|---|---|---|---|---|---|---|---|---|---|---|---|---|---|---|---|
| AU LIBRARY | AU LIBRARY | Open Shelf | 02.06.2021 | 1 | GN316 .B67 2010 C1 | 28001004 | 23.02.2024 | 13.02.2024 | 1 | 02.06.2021 | Book | JO | ||||||
| AU LIBRARY | AU LIBRARY | Open Shelf | 11.06.2021 | GN316 .B67 2010 C2 | 28001002 | 11.06.2021 | 2 | 11.06.2021 | Book | DO | ||||||||
| AU LIBRARY | AU LIBRARY | Open Shelf | 11.06.2021 | GN316 .B67 2010 C3 | 28001001 | 11.06.2021 | 3 | 11.06.2021 | Book | DO | ||||||||
| AU LIBRARY | AU LIBRARY | Open Shelf | 11.06.2021 | GN316 .B67 2010 C4 | 28001006 | 11.06.2021 | 4 | 11.06.2021 | Book | DO | ||||||||
| AU LIBRARY | AU LIBRARY | Open Shelf | 11.06.2021 | GN316 .B67 2010 C5 | 28001005 | 11.06.2021 | 5 | 11.06.2021 | Book | DO | ||||||||
| AU LIBRARY | AU LIBRARY | Open Shelf | 10.08.2021 | GN316 .B67 2010 C6 | 28004183 | 10.08.2021 | 6 | 10.08.2021 | Book | JO | DONATION FROM MOI UNIVERSITY |